Origin and development of Dattātreya worship in India. (Record no. 69477)
[ view plain ]
| 000 -LEADER | |
|---|---|
| fixed length control field | 00886cam a22002891 4500 |
| 001 - CONTROL NUMBER | |
| control field | sa 66004539 |
| 003 - CONTROL NUMBER IDENTIFIER | |
| control field | DLC |
| 005 - DATE AND TIME OF LATEST TRANSACTION | |
| control field | 20260227112243.0 |
| 008 - FIXED-LENGTH DATA ELEMENTS--GENERAL INFORMATION | |
| fixed length control field | 780114s1965 ii c 001 0 eng |
| 010 ## - LIBRARY OF CONGRESS CONTROL NUMBER | |
| LC control number | sa 66004539 |
| 035 ## - SYSTEM CONTROL NUMBER | |
| System control number | (OCoLC)3558321 |
| 040 ## - CATALOGING SOURCE | |
| Original cataloging agency | DLC |
| Transcribing agency | MNS |
| Modifying agency | DLC |
| 041 0# - LANGUAGE CODE | |
| Language code of text/sound track or separate title | engsan |
| 042 ## - AUTHENTICATION CODE | |
| Authentication code | premarc |
| 050 00 - LIBRARY OF CONGRESS CALL NUMBER | |
| Classification number | BL1175.D375 |
| Item number | J6 |
| 082 ## - DEWEY DECIMAL CLASSIFICATION NUMBER | |
| Classification number | 294.55 |
| 100 1# - MAIN ENTRY--PERSONAL NAME | |
| Personal name | Joshi, Hariprasad Shivprasad. |
| 245 10 - TITLE STATEMENT | |
| Title | Origin and development of Dattātreya worship in India. |
| 260 ## - PUBLICATION, DISTRIBUTION, ETC. | |
| Place of publication, distribution, etc. | Baroda, |
| Name of publisher, distributor, etc. | Maharaja Sayajirao University of Baroda, |
| Date of publication, distribution, etc. | 1965. |
| 300 ## - PHYSICAL DESCRIPTION | |
| Extent | xxiii, 225 p. |
| Other physical details | ports. |
| Dimensions | 25 cm. |
| 490 1# - SERIES STATEMENT | |
| Series statement | M. S. University of Baroda research series, |
| Volume/sequential designation | 9 |
| 502 ## - DISSERTATION NOTE | |
| Dissertation note | Thesis - M. S. University of Baroda. |
| 504 ## - BIBLIOGRAPHY, ETC. NOTE | |
| Bibliography, etc. note | Bibliography; p. [vii]-xx. |
| 600 00 - SUBJECT ADDED ENTRY--PERSONAL NAME | |
| Personal name | Dattātreya. |
| 650 #0 - SUBJECT ADDED ENTRY--TOPICAL TERM | |
| Topical term or geographic name entry element | Trimūrti. |
| 830 #0 - SERIES ADDED ENTRY--UNIFORM TITLE | |
| Uniform title | M.S. University of Baroda research series ; |
| Volume/sequential designation | 9. |
No items available.